| 000 | 00458nam a2200157Ia 4500 | ||
|---|---|---|---|
| 008 | 210716s2015 xx 000 0 und d | ||
| 020 | _a9788131527818 | ||
| 041 | _aeng | ||
| 082 | _a658.3124 SAKA | ||
| 100 | _aSaks, Alan M; Haccoun, Robert R. | ||
| 245 | _aManaging performance through training and development. | ||
| 250 | _a6 | ||
| 260 |
_aNew Delhi _bCengage Learning India Pvt Ltd _c2015 |
||
| 300 | _axxxiii,482 | ||
| 650 | _aTraining & Development | ||
| 999 |
_c210058 _d210058 |
||